Statistics for Allies of the United States

Click here to take the quiz!

General Stats

  • This quiz has been taken 42 times
    (29 since last reset)
  • The average score is 28 of 38

Answer Stats

Hint Answer % Correct
AsiaSouth Korea
100%
OceaniaAustralia
96%
AsiaJapan
96%
South AmericaArgentina
91%
EuropeGermany
91%
EuropeUnited Kingdom
91%
North AmericaCanada
87%
EuropeSpain
87%
South AmericaBrazil
87%
EuropeItaly
87%
EuropeFrance
83%
EuropePortugal
83%
EuropeGreece
78%
EuropePoland
78%
AsiaIsrael
78%
OceaniaNew Zealand
78%
EuropeSlovakia
74%
EuropeNorway
74%
Europethe Netherlands
70%
AsiaTaiwan
70%
EuropeCzechia
70%
AsiaSaudi Arabia
70%
EuropeDenmark
70%
EuropeBelgium
70%
EuropeLatvia
65%
EuropeLithuania
65%
EuropeCroatia
65%
AsiaIndia
65%
EuropeSlovenia
65%
AsiaKuwait
61%
EuropeRomania
61%
EuropeHungary
61%
EuropeEstonia
61%
AsiaBahrain
57%
EuropeBulgaria
57%
AfricaMorocco
57%
AsiaThailand
48%
AfricaTunisia
48%

Score Distribution

Percentile by Number Answered

Percent of People with Each Score

Your Score History

You have not taken this quiz since the last reset